Štátne archívy Slovenskej republiky s regionálnou územnou pôsobnosťou a bádateľská verejnosť v roku 2006

Bibliographic Details
Main Author: Hautová, Júlia, 1949- (Author)
Format: Article
Language:Slovak
ISSN:1335-0137
Subjects:
Online Access:http://www.genealogy-heraldry.sk/pdf/GHH2007_2.pdf

MARC

LEADER 00000nab a2200000 a 4500
001 vtls009007793
003 SK-MaSNL
005 20260426090040.0
008 250507c2007 xo |||| | | 000 b|slo
015 |a SNBRB2007/07  |2 snkbucl 
035 |a (sysno)vtls009007793 
035 |a urn:nbn:sk:snk-ab7b8i 
035 |a (uuid)4b0364b1-4a91-422d-8ac5-dcf3add2b9f0 
035 |a (urnnbn)urn:nbn:sk:snk:ar-a07ep1 
038 |a SNKBUCL 
040 |a SNKBUCL  |b slo  |c SNKBUCL  |e AACR2 
041 0 |a slo 
044 |a xo  |c SK 
080 |a 930.25  |x (437.6)  |x "2006"  |2 1997 
100 1 |a Hautová, Júlia,  |d 1949-  |4 aut  |9 9138 
245 1 0 |a Štátne archívy Slovenskej republiky s regionálnou územnou pôsobnosťou a bádateľská verejnosť v roku 2006  |c Júlia Hautová 
648 7 |a 2006  |2 snkbucl  |9 313148 
650 0 7 |a štátne archívy  |2 snkbucl  |9 31030 
650 0 7 |a archívne dokumenty  |2 snkbucl  |9 78548 
650 0 7 |a archívny výskum  |2 snkbucl  |9 85956 
651 7 |a Slovensko  |2 snkbucl  |9 14231 
773 0 |t Genealogicko-heraldický hlas  |g Roč. 17, č. 2 (2007), s. 51  |x 1335-0137 
850 |a Slovenská národná knižnica 
852 |a Slovenská národná knižnica 
856 4 1 |u http://www.genealogy-heraldry.sk/pdf/GHH2007_2.pdf 
954 |a odborná, vedecká literatúra pôvodná (slovenská)  |2 lita 
958 |a article27 
958 |a SK 
958 |a OND 
958 |a EUIPO 
999 |c 2978747  |d 2980677